000 00651nam a2200241Ia 4500
003 OSt
005 20220924114602.0
006 a|||||r|||| 00| 0
007 ta
008 220923b |||||||| |||| 00| 0 tel d
024 _a341286
037 _cTextual
040 _aARTS
_cARTS
_btel
041 _2tel
_atel
082 _aO35,3N351x, J9
100 _aTushara Au.
_9174376
245 0 _aKathanjali
260 _aBhilainagar
_bPravasandhra Publications India
_c1959
300 _a141p.
_ccm.
650 _aTELUGU LITERATURE
_9174377
942 _hO35,3N351x, J9
_cTEXL
_2CC
999 _c394315
_d394315